| 000 | 00769nam a2200205Ia 4500 | ||
|---|---|---|---|
| 999 |
_c39309 _d39309 |
||
| 001 | 5895 | ||
| 003 | GE_BSU | ||
| 005 | 20190816132759.0 | ||
| 008 | 181216s1955||||ge |||||||||||||| ||geo|| | ||
| 040 | _cGE_BSU | ||
| 041 | _ageo | ||
| 080 | _a821.353.1+821.353.1-1 ა-13 | ||
| 100 |
_aაბაშელი, ალექსანდრე _93648 |
||
| 245 |
_aერთტომეული : _bლექსები / _cაბაშელი, ალექსანდრე ; რედ. ვ. ხაზალია. |
||
| 264 |
_aთბილისი : _bსახელგამი ; _c1955. |
||
| 300 |
_a318 გვ. ; _c20 სმ. |
||
| 653 | _aლექსები | ||
| 700 |
_aხაზალია, ვ. _eრედაქტორი _93649 |
||
| 942 |
_cBK _2udc |
||